[Event "FAHIJ I"]
[Site "SchemingMind.com"]
[Date "2023.06.10"]
[Round "-"]
[White "Phillip Beckett"]
[Black "Kenny Elliott"]
[Result "1-0"]
[WhiteCountry "ENG"]
[BlackCountry "USA"]
[WhiteElo "1523"]
[WhiteRD "54"]
[BlackElo "1491"]
[BlackRD "84"]
[GameID "734662"]

1. e4 c5 2. Nf3 d6 3. d4 cxd4 4. Nxd4 e5 5. Nb5 a6 6. N5c3 Nf6 7. Bg5 Be7 8. Bxf6 Bxf6 9. Bd3 Nc6 10. O-O Nd4
11. Ne2 Nxe2+ 12. Qxe2 O-O 13. f4 Qb6+ 14. Kh1 exf4 15. Nc3 Bxc3 16. bxc3 Qc5 17. Rxf4 Qxc3 18. Raf1 Be6 19. Qf2 Bxa2 20. Qh4 h6
21. Rg4 Qc7 22. Qxh6 f6 23. e5 Kf7 24. Qg6+ Ke6 25. exf6 Rxf6 26. Qe4+ Kd7 27. Rxg7+
1-0

[Event "FAHIJ I"]
[Site "SchemingMind.com"]
[Date "2023.06.14"]
[Round "-"]
[White "cnile"]
[Black "Phillip Beckett"]
[Result "1-0"]
[WhiteCountry "SCO"]
[BlackCountry "ENG"]
[WhiteElo "1384"]
[WhiteRD "58"]
[BlackElo "1505"]
[BlackRD "54"]
[GameID "734663"]

1. d4 d5 2. c4 e6 3. Nc3 Nf6 4. cxd5 Nxd5 5. e3 Nxc3 6. bxc3 c5 7. Bd3 cxd4 8. exd4 Nc6 9. Bf4 Bd6 10. Bxd6 Qxd6
11. Nf3 O-O 12. O-O Bd7 13. Re1 a6 14. Rb1 b5 15. Be4 Rac8 16. Ng5 h6 17. Nf3 Na5 18. Qd2 Nc4 19. Qd3 Bc6 20. a4 Bxe4
21. Rxe4 e5 22. axb5 axb5 23. Rxb5 Nb6 24. Rbxe5 Nc4 25. Re7 Nb2 26. Qb5 Nc4 27. Qb1 Nb6 28. Qb3 Nd5 29. Rb7 Nf6 30. Ree7 Nd5
31. Red7 Qe6 32. Rxd5 Rxc3 33. Qxc3 Qxd5 34. Rc7 Qe4 35. h3 Qb1+ 36. Kh2 Qf5 37. Qc2 Qf4+ 38. Kg1 Ra8 39. Rc8+ Rxc8 40. Qxc8+ Kh7
41. Qg4 Qc1+ 42. Kh2 Qc7+ 43. g3 Qc2 44. Kg2 Qd3 45. Nh4 g6 46. Qd7 Qe4+ 47. Kh2
1-0

[Event "FAHIJ I"]
[Site "SchemingMind.com"]
[Date "2023.06.12"]
[Round "-"]
[White "Phillip Beckett"]
[Black "Clive Everill"]
[Result "0-1"]
[WhiteCountry "ENG"]
[BlackCountry "CZE"]
[WhiteElo "1474"]
[WhiteRD "58"]
[BlackElo "1606"]
[BlackRD "58"]
[GameID "734664"]

1. e4 c5 2. Nf3 d6 3. d4 Nf6 4. dxc5 Nxe4 5. cxd6 Nc6 6. Bd3 Nxd6 7. O-O g6 8. Re1 Bg7 9. c3 O-O 10. Bg5 f6
11. Bf4 Nf7 12. Nbd2 Qxd3 13. Re3 Qd8 14. Nb3 Qxd1+ 15. Rxd1 e5 16. Bg3 Bf5 17. Nh4 Bc2 18. Rd2 Bxb3 19. f4 Bxa2 20. fxe5 Bh6
21. Bf2 Bxe3 22. Bxe3 Ncxe5 23. Bd4 Rfd8
0-1

[Event "FAHIJ I"]
[Site "SchemingMind.com"]
[Date "2023.06.09"]
[Round "-"]
[White "Black Knight"]
[Black "Phillip Beckett"]
[Result "0-1"]
[WhiteCountry "USA"]
[BlackCountry "ENG"]
[WhiteElo "1205"]
[WhiteRD "64"]
[BlackElo "1523"]
[BlackRD "54"]
[GameID "734665"]

1. d4 d5 2. Nf3 Nf6 3. Bf4 e6 4. e3 c5 5. Bb5+ Bd7 6. Bxd7+ Nbxd7 7. O-O Qb6 8. b3 cxd4 9. Nxd4 Ne4 10. Nd2 Nc3
11. Qf3 Bd6 12. Bxd6 Qxd6 13. e4 Nxe4 14. Nb5 Qb8 15. Nxe4 dxe4 16. Qxe4 a6 17. Nc3 O-O 18. Rad1 Nc5 19. Qc4 b6 20. b4 Rc8
21. bxc5 Rxc5 22. Qd3 Qc7 23. Ne4 Rxc2 24. Nc3 Rxc3 25. Qd4 g6 26. Qe4 Rc4 27. Qb1 Rc8 28. Rc1 Rxc1 29. Rxc1 Qxc1+
0-1

[Event "FAHIJ I"]
[Site "SchemingMind.com"]
[Date "2023.06.09"]
[Round "-"]
[White "Arthur Wilding"]
[Black "Phillip Beckett"]
[Result "0-1"]
[WhiteCountry "WLS"]
[BlackCountry "ENG"]
[WhiteElo "1206"]
[WhiteRD "67"]
[BlackElo "1523"]
[BlackRD "54"]
[GameID "734666"]

1. d4 d5 2. e3 e6 3. Nc3 Nf6 4. Bb5+ Bd7 5. a4 a6 6. Be2 Be7 7. b3 O-O 8. Bb2 c5 9. dxc5 Bxc5 10. Nf3 Nc6
11. O-O Nb4 12. Bd3 Nxd3 13. cxd3 Rc8 14. Ne5 Bc6 15. Nxc6 bxc6 16. Re1 Ba7 17. d4 c5 18. dxc5 Bxc5 19. Ne2 Bb4 20. Rf1 Ne4
21. Ba3 Bxa3 22. Rxa3 Nc3 23. Nxc3 Rxc3 24. Qd4 Qc7 25. Qd2 Rc8 26. g3 Rc2 27. Qb4 Rc1 28. Rxc1 Qxc1+ 29. Kg2 Qc5 30. Qxc5 Rxc5
31. h4 Kf8 32. Kh3 Ke7 33. b4 Rc4 34. b5 axb5 35. a5 Kd7 36. Rb3 Kc6 37. f4 Ra4 38. Rc3+ Kb7 39. a6+ Rxa6 40. Kg4 Rc6
41. Rb3 Kb6 42. h5 Rc4 43. Kf3 b4 44. g4 Kb5 45. Ke2 Ka4 46. Rb1 b3 47. Kd1 Ka3 48. Kd2 Ka2 49. Kd1 Kxb1 50. g5 Rc1+
51. Kd2 Rc4 52. h6 b2 53. hxg7 Rc2+ 54. Kd1 Rc8
0-1

[Event "FAHIJ I"]
[Site "SchemingMind.com"]
[Date "2023.06.12"]
[Round "-"]
[White "Phillip Beckett"]
[Black "Transcendent"]
[Result "1-0"]
[WhiteCountry "ENG"]
[BlackCountry "ENG"]
[WhiteElo "1575"]
[WhiteRD "52"]
[BlackElo "1680"]
[BlackRD "70"]
[GameID "734667"]

1. e4 e6 2. d4 d5 3. Nd2 Nf6 4. e5 Nfd7 5. Bd3 c5 6. c3 Nc6 7. Ndf3 cxd4 8. cxd4 f6 9. Ne2 fxe5 10. dxe5 Ndxe5
11. Nxe5 Nxe5 12. Bb5+ Bd7 13. Bxd7+ Qxd7 14. O-O Bd6 15. Nd4 O-O 16. Ne2 Rf7 17. Ng3 Raf8 18. a3 a5 19. Be3 Nc4 20. Bd4 Bxg3
21. hxg3 e5 22. Bc3 d4 23. Bd2 e4 24. b3 Nxd2 25. Qxd2 d3 26. Rac1 Qd5 27. Rc4
1-0

[Event "FAHIJ I"]
[Site "SchemingMind.com"]
[Date "2023.06.09"]
[Round "-"]
[White "Chessibelle"]
[Black "Phillip Beckett"]
[Result "0-1"]
[WhiteCountry "ENG"]
[BlackCountry "ENG"]
[WhiteElo "1142"]
[WhiteRD "58"]
[BlackElo "1523"]
[BlackRD "54"]
[GameID "734668"]

1. Nf3 Nf6 2. d4 d5 3. e3 e6 4. g3 c5 5. Bd2 Nc6 6. Be2 cxd4 7. exd4 Qb6 8. b3 Bb4 9. c3 Bd6 10. O-O Bd7
11. Ng5 O-O 12. Qc2 h6 13. Nh3 Rac8 14. Qd3 a6 15. Bd1 Qc7 16. Bc2 Na7 17. f4 Bb5 18. c4 dxc4 19. Qe3 cxb3 20. Bxb3 Bxf1
21. Kxf1 Nb5 22. a4 Nc3 23. Nxc3 Ng4 24. Qd3 Qe7 25. Bc2 Nf6 26. Re1 Qc7 27. Ng1 Qc4 28. Kg2 Qxd3 29. Bxd3 Bb4 30. Rc1 Bxc3
31. Bxc3 Nd5 32. Bd2 Rxc1 33. Bxc1 Rc8 34. Ne2 Nc3 35. Ng1 Nxa4 36. Ba3 Rc3 37. Nf3 Rxa3 38. Be4 Ra2+ 39. Kh3 b6 40. Bd3 b5
41. Ne5 f6 42. Ng6 Kf7 43. f5 exf5 44. Bxf5 Rf2 45. Be4 Re2 46. Bf5 Nb6 47. Nf4 Rf2 48. Be6+ Ke7 49. Bb3 Nc4 50. Kh4 Rxf4+
51. gxf4 Kd6 52. Kg4 g6 53. Kf3 Kd5 54. Kg4 Kxd4 55. h4 Ne3+ 56. Kf3 Nf5
0-1

[Event "FAHIJ I"]
[Site "SchemingMind.com"]
[Date "2023.06.10"]
[Round "-"]
[White "wight knight"]
[Black "Phillip Beckett"]
[Result "1/2-1/2"]
[WhiteCountry "ENG"]
[BlackCountry "ENG"]
[WhiteElo "1178"]
[WhiteRD "59"]
[BlackElo "1523"]
[BlackRD "54"]
[GameID "734669"]

1. e4 e5 2. Bc4 Nf6 3. b3 Be7 4. f3 d6 5. d3 O-O 6. Bg5 h6 7. Bxf6 Bxf6 8. Nc3 Be6 9. Bxe6 fxe6 10. Nge2 Nc6
11. O-O Nd4 12. Nxd4 exd4 13. Ne2 e5 14. f4 Bh4 15. g3 Be7 16. a4 g5 17. fxg5 Bxg5 18. h4 Be7 19. Rxf8+ Qxf8 20. Qf1 Qg7
21. Qf2 Rf8 22. Qg2 Qg4 23. Rf1 Rxf1+ 24. Qxf1 Bxh4 25. Qg2 Bg5 26. a5 Be3+ 27. Kf1 Kg7 28. b4 Bd2 29. b5 Qg5 30. Qh3 Qf6+
31. Kg2 Be3 32. Qd7+ Kg6 33. Qxc7 Qf2+ 34. Kh3 Qf1+ 35. Kh4 Qxe2 36. Qxd6+ Kh7 37. Qe7+ Kg8 38. Qe6+ Kg7 39. Qe7+ Kg6 40. Qe6+ Kg7
41. Qe7+ Kg6 42. Qe6+ Kh7=
1/2-1/2

[Event "FAHIJ I"]
[Site "SchemingMind.com"]
[Date "2023.06.10"]
[Round "-"]
[White "Phillip Beckett"]
[Black "JAHI"]
[Result "0-1"]
[WhiteCountry "ENG"]
[BlackCountry "INT"]
[WhiteElo "1505"]
[WhiteRD "54"]
[BlackElo "2174"]
[BlackRD "76"]
[GameID "734671"]

1. e4 a6 2. d4 a5 3. Nf3 Na6 4. Nc3 d6 5. Be2 Bg4 6. h3 Bxf3 7. Bxf3 e6 8. O-O e5 9. dxe5 dxe5 10. Qxd8+ Rxd8
11. Be3 Bc5 12. Bxc5 Nxc5 13. Rad1 Rxd1 14. Rxd1 c6 15. a3 a4 16. g3 Nf6 17. Bg2 Ke7 18. f3 h6 19. Bf1 h5 20. Bc4 h4
21. g4 Nh7 22. Ba2 Ng5 23. Kg2 b6 24. Ne2 Rh6 25. b4 axb3 26. cxb3 Rd6 27. Rxd6 Kxd6 28. b4 Nd3 29. Ng1 b5 30. Kf1 Nf4
31. Ke1 Ngxh3 32. Nxh3 Nxh3 33. Bxf7 Ng5 34. Bh5 Nxf3+ 35. Kf2 Nd2
0-1

[Event "FAHIJ I"]
[Site "SchemingMind.com"]
[Date "2023.06.09"]
[Round "-"]
[White "Phillip Beckett"]
[Black "eliecercruzr"]
[Result "0-1"]
[WhiteCountry "ENG"]
[BlackCountry "CUB"]
[WhiteElo "1474"]
[WhiteRD "58"]
[BlackElo "2320"]
[BlackRD "69"]
[GameID "734672"]

1. e4 e5 2. Nf3 Nc6 3. d4 exd4 4. Nxd4 Nf6 5. Nc3 Bb4 6. Qd3 O-O 7. Nb5 a6 8. Nd4 Ne5 9. Qg3 Nxe4 10. Qxe5 Re8
11. Qh5 Ng3+
0-1

[Event "FAHIJ I"]
[Site "SchemingMind.com"]
[Date "2023.06.09"]
[Round "-"]
[White "Steven DuCharme"]
[Black "Arthur Wilding"]
[Result "1/2-1/2"]
[WhiteCountry "USA"]
[BlackCountry "WLS"]
[WhiteElo "1515"]
[WhiteRD "60"]
[BlackElo "1206"]
[BlackRD "67"]
[GameID "734673"]

1. b3 Nf6 2. Bb2 Nc6 3. g3 d6 4. Bg2 Bd7 5. d4 Bg4 6. h3 Bd7 7. e4 e6 8. Ne2 Be7 9. O-O d5 10. exd5 exd5
11. Re1 O-O 12. Nf4 Bf5 13. a3 Re8 14. Nd2 Bd6 15. c4 Bxf4 16. gxf4 Rxe1+ 17. Qxe1 dxc4 18. Bxc6 bxc6 19. Nxc4 Be6 20. Kh2 Bxc4
21. bxc4 Rb8 22. Bc3 Qd6 23. Qe5 Re8 24. Qxd6 cxd6 25. Re1 Rxe1 26. Bxe1 Kf8 27. f3 a6 28. Kg2 Ke7 29. Kf2 h6 30. Ke3 Ke6
31. Bc3 d5 32. c5 g6 33. Be1=
1/2-1/2

[Event "FAHIJ I"]
[Site "SchemingMind.com"]
[Date "2023.06.10"]
[Round "-"]
[White "Kenny Elliott"]
[Black "Arthur Wilding"]
[Result "1-0"]
[WhiteCountry "USA"]
[BlackCountry "WLS"]
[WhiteElo "1491"]
[WhiteRD "84"]
[BlackElo "1206"]
[BlackRD "67"]
[GameID "734674"]

1. d4 d5 2. Nf3 Nf6 3. Nc3 e6 4. Bg5 Be7 5. e3 Nc6 6. Bb5 Bd7 7. Bxc6 Bxc6 8. Ne5 Nd7 9. Nxc6 bxc6 10. Bxe7 Qxe7
11. O-O O-O 12. a3 Rfb8 13. b4 a5 14. bxa5 Rb2 15. Qc1 Rab8 16. Rb1 Rxb1 17. Nxb1 Nf6 18. Nd2 Ne4 19. Nxe4 dxe4 20. c4 Ra8
21. Qb2 f6 22. c5 Rxa5 23. Qa2 Kf7 24. Rb1 Qd8 25. Rb3 Rb5 26. a4 Rxb3 27. Qxb3 Ke7 28. a5 h5 29. a6 Qa8 30. Qb7
1-0

[Event "FAHIJ I"]
[Site "SchemingMind.com"]
[Date "2023.06.14"]
[Round "-"]
[White "Arthur Wilding"]
[Black "cnile"]
[Result "1-0"]
[WhiteCountry "WLS"]
[BlackCountry "SCO"]
[WhiteElo "1187"]
[WhiteRD "67"]
[BlackElo "1292"]
[BlackRD "63"]
[GameID "734675"]

1. d4 d5 2. e3 Bf5 3. Nc3 e6 4. Nf3 Nf6 5. Bb5+ c6 6. Bd3 Bxd3 7. Qxd3 Bd6 8. Bd2 Nbd7 9. O-O O-O 10. Rfe1 Re8
11. e4 dxe4 12. Nxe4 e5 13. Nxd6 e4 14. Nxe4 Qc7 15. Nxf6+ Nxf6 16. Rxe8+ Rxe8 17. Re1
1-0

[Event "FAHIJ I"]
[Site "SchemingMind.com"]
[Date "2023.06.09"]
[Round "-"]
[White "Clive Everill"]
[Black "Arthur Wilding"]
[Result "1-0"]
[WhiteCountry "CZE"]
[BlackCountry "WLS"]
[WhiteElo "1606"]
[WhiteRD "58"]
[BlackElo "1187"]
[BlackRD "67"]
[GameID "734676"]

1. e4 e6 2. d4 d5 3. Nd2 Bb4 4. c3 Bd6 5. e5 Be7 6. Bd3 Bg5 7. Ngf3 Bxd2+ 8. Bxd2 c6 9. O-O Nd7 10. Qc2 g6
11. Bg5 Ne7 12. Ne1 O-O 13. Bh6 Re8 14. f4 b5 15. Rf3 a5 16. Rh3 Bb7 17. Qf2 a4 18. Qh4 f6 19. Bg5 Nf5 20. Qxh7+ Kf8
21. Qh8+ Ke7 22. Rh7+ Ng7 23. Rxg7#
1-0

[Event "FAHIJ I"]
[Site "SchemingMind.com"]
[Date "2023.06.09"]
[Round "-"]
[White "Arthur Wilding"]
[Black "Black Knight"]
[Result "0-1"]
[WhiteCountry "WLS"]
[BlackCountry "USA"]
[WhiteElo "1206"]
[WhiteRD "67"]
[BlackElo "1205"]
[BlackRD "64"]
[GameID "734677"]

1. d4 d5 2. e3 Nf6 3. Nf3 Bf5 4. Nc3 e6 5. Bb5+ c6 6. Bd3 Bd6 7. O-O O-O 8. Bxf5 exf5 9. b3 Nbd7 10. a4 b6
11. Ba3 Bxa3 12. Re1 Bb2 13. Ra2 Bxc3 14. Re2 Ne4 15. Ne5 Nxe5 16. dxe5 Bxe5
0-1

[Event "FAHIJ I"]
[Site "SchemingMind.com"]
[Date "2023.06.13"]
[Round "-"]
[White "Transcendent"]
[Black "Arthur Wilding"]
[Result "1-0"]
[WhiteCountry "ENG"]
[BlackCountry "WLS"]
[WhiteElo "1982"]
[WhiteRD "81"]
[BlackElo "1145"]
[BlackRD "61"]
[GameID "734678"]

1. d4 d5 2. c4 e6 3. Nf3 Bb4+ 4. Bd2 Ne7 5. Bxb4 c6 6. e3 O-O 7. Nbd2 a5 8. Bxe7 Qxe7 9. Rc1 dxc4 10. Nxc4 Qb4+
11. Qd2 Qxd2+ 12. Nfxd2 a4 13. Bd3 b5 14. Ne5 Bb7 15. Bb1 Na6 16. O-O Nb4 17. a3 Nd5 18. Ne4 Bc8 19. Nc5 Nb6 20. Nxc6 Bd7
21. Nxd7 Nxd7 22. Bd3 Kh8 23. Bxb5 Rfd8 24. Nxd8 Rxd8 25. Bxd7 h6 26. Rc8 Rxc8 27. Bxc8
1-0

[Event "FAHIJ I"]
[Site "SchemingMind.com"]
[Date "2023.06.09"]
[Round "-"]
[White "Arthur Wilding"]
[Black "Chessibelle"]
[Result "0-1"]
[WhiteCountry "WLS"]
[BlackCountry "ENG"]
[WhiteElo "1187"]
[WhiteRD "67"]
[BlackElo "1159"]
[BlackRD "60"]
[GameID "734679"]

1. d4 d5 2. e3 Nf6 3. Nc3 a6 4. Nf3 g6 5. Be2 e6 6. O-O Be7 7. a3 O-O 8. b4 c6 9. Bb2 Qd6 10. Ne5 Bd8
11. Kh1 h5 12. h3 b6 13. Bd3 Nh7 14. Re1 Bc7 15. f4 Kg7 16. Nf3 Nf6 17. Ne2 Nbd7 18. Bc3 b5 19. a4 Nh7 20. axb5 Bb7
21. bxa6 Bc8 22. Qd2 f5 23. Ra2 Ndf6 24. Rb1 g5 25. b5 Bd7 26. bxc6 Bxc6 27. Ne5 Be8 28. Qd1 h4 29. Ng1 Bh5 30. Qd2 Ra7
31. Rb7 Raa8 32. Bb4 Qd8 33. Bxf8+ Nxf8 34. Nc6 Qd6 35. Bb5 Ne4 36. Qb4 Qd7 37. Ne5 Qd8 38. Kh2 Ng6 39. Nxg6 Kxg6 40. Bd3 gxf4
41. Bxe4 fxe3+ 42. Kh1 fxe4 43. Qe1 Qd6 44. a7 Qh2#
0-1

[Event "FAHIJ I"]
[Site "SchemingMind.com"]
[Date "2023.06.10"]
[Round "-"]
[White "JAHI"]
[Black "Arthur Wilding"]
[Result "1-0"]
[WhiteCountry "INT"]
[BlackCountry "WLS"]
[WhiteElo "2175"]
[WhiteRD "78"]
[BlackElo "1206"]
[BlackRD "67"]
[GameID "734681"]

1. f3 e6 2. f4 Bc5 3. Nf3 Ne7 4. e3 Nbc6 5. a3 O-O 6. Be2 b6 7. a4 a5 8. Na3 Bxa3 9. Rxa3 Ba6 10. Kf1 Bxe2+
11. Qxe2 Nb4 12. c3 Nbc6 13. d3 Na7 14. Bd2 c6 15. Ra1 Nac8 16. Kf2 d6 17. Rhf1 d5 18. Kg1 Nd6 19. e4 dxe4 20. dxe4 Nb7
21. Be3 Nd6 22. Rad1 Qc7 23. f5 Nxe4 24. fxe6 fxe6 25. Bd4 Nc5 26. Bxc5 bxc5 27. Qxe6+ Kh8 28. Rd7 Qb6 29. Qxe7 Rg8 30. Ng5 c4+
31. Kh1 Raf8 32. Qxg7+ Rxg7 33. Rxf8+ Rg8 34. Rxh7#
1-0

[Event "FAHIJ I"]
[Site "SchemingMind.com"]
[Date "2023.06.14"]
[Round "-"]
[White "cnile"]
[Black "Transcendent"]
[Result "1-0"]
[WhiteCountry "SCO"]
[BlackCountry "ENG"]
[WhiteElo "1396"]
[WhiteRD "65"]
[BlackElo "1680"]
[BlackRD "70"]
[GameID "734682"]

1. d4 d5 2. c4 c6 3. Nf3 Nf6 4. Nc3 dxc4 5. a4 Bf5 6. e3 e6 7. Bxc4 Bb4 8. O-O Nbd7 9. Bd2 O-O 10. Re1 a5
11. Qb3 Rc8 12. e4 Bxc3 13. Bxc3 Nxe4 14. Rad1 Nd6 15. Ne5 Nf6 16. g4 Nxg4 17. Bf1 Qh4 18. Nxg4 Qxg4+ 19. Kh1 Ne4 20. Bxa5
1-0

[Event "FAHIJ I"]
[Site "SchemingMind.com"]
[Date "2023.06.13"]
[Round "-"]
[White "Transcendent"]
[Black "JAHI"]
[Result "0-1"]
[WhiteCountry "ENG"]
[BlackCountry "INT"]
[WhiteElo "1680"]
[WhiteRD "70"]
[BlackElo "2196"]
[BlackRD "81"]
[GameID "734683"]

1. d4 a6 2. c4 e6 3. Nc3 Bb4 4. Qc2 Kf8 5. e4 d6 6. Be3 e5 7. dxe5 dxe5 8. Rd1 Qe8 9. a3 Bxc3+ 10. Qxc3 Nc6
11. Be2 h6 12. Nf3 Nf6 13. O-O Nxe4 14. Qc2 Nf6 15. Rfe1 Bg4 16. h3 Bxf3 17. Bxf3 Kg8 18. b4 Rd8 19. Rxd8 Nxd8 20. Bd4 Nd7
21. Bb2 h5 22. c5 c6 23. Qd1 f6
0-1

[Event "FAHIJ I"]
[Site "SchemingMind.com"]
[Date "2023.06.09"]
[Round "-"]
[White "kenneth m day"]
[Black "Steven DuCharme"]
[Result "0-1"]
[WhiteCountry "USA"]
[BlackCountry "USA"]
[WhiteElo "1653"]
[WhiteRD "60"]
[BlackElo "1601"]
[BlackRD "67"]
[GameID "734684"]

1. e4 c6 2. c4 d5 3. cxd5 cxd5 4. exd5 Qxd5 5. d4 Nf6 6. Nc3 Qd8 7. Nf3 e6 8. Bd3 Be7 9. O-O O-O 10. h3 a6
11. Re1 Nc6 12. Bf4 b6 13. Rc1 Bb7 14. Ne4 Nd5 15. Bg3 Ndb4 16. Bc4 Na5 17. Bb3 Nxb3 18. Qxb3 Bxe4 19. Rxe4 Qd5 20. Qxd5 Nxd5
21. Ne5 Nf6 22. Ree1 Rfc8 23. Bf4 Nd5 24. Bg3 f6 25. Nd7 Kf7 26. Rxc8 Rxc8 27. Nb8 a5 28. Nd7 Bb4 29. Rd1 Rc2 30. a3 Be7
31. b4 axb4 32. axb4 Bxb4 33. Rb1 Rd2 34. Nxb6 Rxd4 35. Nxd5 exd5 36. f3 Rc4 37. Rb2 Rc1+ 38. Kf2 Be1+ 39. Ke2 Bxg3 40. Rd2 Re1+
41. Kd3 Be5 42. Kc2 d4 43. Kd3 Re3+ 44. Kc2 h5 45. Kd1 d3 46. Kc1 Re1+ 47. Rd1 Bf4+
0-1

[Event "FAHIJ I"]
[Site "SchemingMind.com"]
[Date "2023.06.10"]
[Round "-"]
[White "kenneth m day"]
[Black "Kenny Elliott"]
[Result "0-1"]
[WhiteCountry "USA"]
[BlackCountry "USA"]
[WhiteElo "1670"]
[WhiteRD "62"]
[BlackElo "1491"]
[BlackRD "84"]
[GameID "734685"]

1. e4 c5 2. d4 cxd4 3. c3 dxc3 4. Nxc3 e5 5. Nf3 Bb4 6. Bd2 Nf6 7. Bd3 Nc6 8. O-O O-O 9. a3 Bxc3 10. Bxc3 d6
11. Rc1 Bg4 12. Re1 Qd7 13. Rc2 Rfd8 14. Qe2 d5 15. exd5 Nxd5 16. h3 Nf4 17. Qe4 Qxd3 18. Qxd3 Nxd3 19. Re3 Bxf3 20. Rxf3 e4
21. Re3 Re8 22. Rg3 f6 23. Bxf6 Kf7 24. Bxg7 Rg8
0-1

[Event "FAHIJ I"]
[Site "SchemingMind.com"]
[Date "2023.06.09"]
[Round "-"]
[White "Derek Price"]
[Black "kenneth m day"]
[Result "1-0"]
[WhiteCountry "ENG"]
[BlackCountry "USA"]
[WhiteElo "2369"]
[WhiteRD "66"]
[BlackElo "1624"]
[BlackRD "61"]
[GameID "734686"]

1. c4 Nf6 2. g3 Nc6 3. Bg2 e5 4. Nc3 Bc5 5. e3 O-O 6. a3 Re8 7. Nge2 d6 8. O-O Bd7 9. b4 Bb6 10. Bb2 a6
11. Qc2 Qc8 12. Ne4 Nxe4 13. Bxe4 Ne7 14. Bxh7+ Kf8 15. Bd3 Bh3 16. Rfe1 Qg4 17. Be4 c6 18. f3 Qh5 19. g4 Qh6 20. c5 dxc5
21. bxc5 Bc7 22. Kh1 Ng6 23. Rg1 Ke7 24. Bxg6 fxg6 25. Qe4 Rh8 26. Bxe5 Kd7 27. Bxc7 Kxc7 28. Qf4+ Kd7 29. Qd6+ Ke8 30. Rab1 Rd8
31. Qe6+ Kf8 32. Rxb7
1-0

[Event "FAHIJ I"]
[Site "SchemingMind.com"]
[Date "2023.06.14"]
[Round "-"]
[White "cnile"]
[Black "kenneth m day"]
[Result "1-0"]
[WhiteCountry "SCO"]
[BlackCountry "USA"]
[WhiteElo "1380"]
[WhiteRD "60"]
[BlackElo "1671"]
[BlackRD "60"]
[GameID "734687"]

1. d4 Nf6 2. e3 d6 3. Bd3 g6 4. Nd2 Bg7 5. Ngf3 O-O 6. c3 Bg4 7. O-O Nbd7 8. Re1 Rc8 9. e4 e5 10. dxe5 Nxe5
11. Be2 Re8 12. h3 Bd7 13. Qc2 Bc6 14. Nc4 Bxe4 15. Qb3 b6 16. Be3 Nd5 17. Ncxe5 Bxe5 18. Rad1 Nf6 19. Bh6 Nh5 20. Nxe5 Rxe5
21. Bc4 Qe7 22. Rf1 Rd8 23. Rfe1 d5 24. Be2 Nf6 25. Bf4 Rf5 26. Be3 h5 27. Bd4 Rg5 28. Bf1 Kg7 29. Be3 Re5 30. Bd4 Rf5
31. f3 Qd6 32. fxe4 dxe4 33. Bxf6+ Qxf6 34. Rxd8 Qxd8 35. Rxe4 Qd6 36. Qc2 Qc5+ 37. Rd4 Qc6 38. Be2 Rg5 39. Bf3 Qf6 40. Qd3 Qe6
41. Bd5 Qe1+ 42. Qf1 Qe3+ 43. Kh1 Rf5 44. Qg1 Qg5 45. Be4 Rf6 46. Rd5 Qf4 47. Bf3 g5 48. Bxh5 Qe4 49. Rxg5+ Kf8 50. Qd1 Qe7
51. Bf3 Rd6 52. Rd5 Re6 53. Qd4 Re1+ 54. Kh2 f6 55. Rd8+ Kg7 56. Rd7
1-0

[Event "FAHIJ I"]
[Site "SchemingMind.com"]
[Date "2023.06.12"]
[Round "-"]
[White "kenneth m day"]
[Black "Clive Everill"]
[Result "0-1"]
[WhiteCountry "USA"]
[BlackCountry "CZE"]
[WhiteElo "1707"]
[WhiteRD "59"]
[BlackElo "1654"]
[BlackRD "59"]
[GameID "734688"]

1. e4 e5 2. Nf3 Nc6 3. c3 d5 4. exd5 Qxd5 5. d3 Bg4 6. Be2 Bd6 7. O-O O-O-O 8. Be3 h5 9. Nbd2 Nf6 10. h3 Bd7
11. Ne4 Nxe4 12. dxe4 Qxe4 13. Ng5 Qf5 14. Bd3 Qf6 15. Ne4 Qe7 16. Re1 f6 17. Nxd6+ Qxd6 18. Qc2 Qf8 19. Rad1 f5 20. Bg5 Re8
21. b4 e4 22. Bc4 Ne5 23. Be2 h4 24. a4 Nf7 25. Bf4 g5 26. Be3 g4 27. Qd2 Bxa4 28. Ra1 b5 29. Bxa7 gxh3 30. gxh3 Qg8+
31. Kh2 Ne5 32. Qd5 Qxd5
0-1

[Event "FAHIJ I"]
[Site "SchemingMind.com"]
[Date "2023.06.09"]
[Round "-"]
[White "Black Knight"]
[Black "kenneth m day"]
[Result "0-1"]
[WhiteCountry "USA"]
[BlackCountry "USA"]
[WhiteElo "1162"]
[WhiteRD "64"]
[BlackElo "1707"]
[BlackRD "59"]
[GameID "734689"]

1. d4 Nf6 2. Nf3 d6 3. Bf4 g6 4. Nc3 Bg7 5. e3 O-O 6. Bd3 Bg4 7. O-O Nbd7 8. h3 Bxf3 9. Qxf3 c6 10. e4 Re8
11. a4 e5 12. dxe5 dxe5 13. Bg5 Rc8 14. b4 h6 15. Bh4 a6 16. b5 cxb5 17. axb5 Rxc3 18. bxa6 bxa6 19. Rxa6 Nc5 20. Rc6 Re6
21. Rxe6 Nxe6 22. Rd1 Nd4 23. Qg3 Qa5 24. f4 exf4 25. Qf2 Ne6 26. e5 Qxe5 27. Bxf6 Bxf6 28. Re1 Qd4 29. Re4 Qxf2+ 30. Kxf2 Nd4
31. Re8+ Kg7 32. Rd8 Bxd8
0-1

[Event "FAHIJ I"]
[Site "SchemingMind.com"]
[Date "2023.06.09"]
[Round "-"]
[White "kenneth m day"]
[Black "Phillip Beckett"]
[Result "1-0"]
[WhiteCountry "USA"]
[BlackCountry "ENG"]
[WhiteElo "1682"]
[WhiteRD "62"]
[BlackElo "1474"]
[BlackRD "58"]
[GameID "734690"]

1. e4 e5 2. f4 Qh4+ 3. g3 Qe7 4. d3 exf4 5. Bxf4 d5 6. Bg2 dxe4 7. dxe4 Nf6 8. Nc3 Bg4 9. Nge2 Bxe2 10. Qxe2 c6
11. O-O-O Nbd7 12. Rhe1 Nb6 13. Bh3 Rd8 14. Qf3 Qb4 15. a3 Rxd1+ 16. Rxd1 Qe7 17. Rd2 Qc5 18. Qd3 Be7 19. Be3 O-O 20. Bxc5
1-0

[Event "FAHIJ I"]
[Site "SchemingMind.com"]
[Date "2023.06.09"]
[Round "-"]
[White "Arthur Wilding"]
[Black "kenneth m day"]
[Result "0-1"]
[WhiteCountry "WLS"]
[BlackCountry "USA"]
[WhiteElo "1187"]
[WhiteRD "67"]
[BlackElo "1682"]
[BlackRD "62"]
[GameID "734691"]

1. d4 Nf6 2. e3 d6 3. Nf3 c5 4. Bb5+ Bd7 5. a4 Nc6 6. Nbd2 a6 7. Bxc6 Bxc6 8. dxc5 Rc8 9. cxd6 Qxd6 10. h3 e5
11. b3 Be7 12. O-O O-O 13. Nc4 Qxd1 14. Rxd1 e4 15. Bb2 exf3 16. g3 Rcd8 17. Rxd8 Rxd8 18. Rf1 h6 19. Bxf6 Bxf6 20. Kh2 Bd5
21. Re1 Be6 22. Rb1 Bxc4 23. bxc4 Rd2 24. Rc1 Rxf2+ 25. Kg1 Re2 26. Kf1 Rxe3 27. Rd1 Rc3 28. Rd7 Rxc4 29. Rxb7 Rxa4 30. Kf2 Ra3
31. h4 Bd4+ 32. Kf1 Ra1+
0-1

[Event "FAHIJ I"]
[Site "SchemingMind.com"]
[Date "2023.06.12"]
[Round "-"]
[White "kenneth m day"]
[Black "Transcendent"]
[Result "1-0"]
[WhiteCountry "USA"]
[BlackCountry "ENG"]
[WhiteElo "1653"]
[WhiteRD "60"]
[BlackElo "1680"]
[BlackRD "70"]
[GameID "734692"]

1. e4 e6 2. d4 d5 3. Nc3 Bb4 4. e5 c5 5. Nf3 Ne7 6. Bd2 a6 7. dxc5 Bxc5 8. Bd3 Nbc6 9. O-O Bd7 10. Re1 h6
11. a3 O-O 12. b4 Ba7 13. Qe2 Ng6 14. Bxg6 fxg6 15. Rad1 Nd4 16. Nxd4 Bxd4 17. Rf1 Bxc3 18. Bxc3 Bb5 19. Qe3 Bxf1 20. Kxf1 Rc8
21. Qd2
1-0

[Event "FAHIJ I"]
[Site "SchemingMind.com"]
[Date "2023.06.09"]
[Round "-"]
[White "Chessibelle"]
[Black "kenneth m day"]
[Result "0-1"]
[WhiteCountry "ENG"]
[BlackCountry "USA"]
[WhiteElo "1159"]
[WhiteRD "60"]
[BlackElo "1682"]
[BlackRD "62"]
[GameID "734693"]

1. Nf3 d5 2. d4 Nf6 3. h3 c5 4. e3 Bd7 5. Be2 Nc6 6. a3 e6 7. Nc3 Rc8 8. O-O Be7 9. Nh2 O-O 10. f3 e5
11. e4 exd4 12. Nb1 dxe4 13. c3 d3 14. Bxd3 exd3 15. Qxd3 Ne5 16. Qe3 Bd6 17. Nd2 Re8 18. Qf2 Nd3 19. Qh4 Qb6 20. Kh1 c4
21. g4 Nd5 22. g5 Ne3 23. Rg1 Nf5 24. Qh5 Ng3+ 25. Rxg3 Bxg3 26. Ng4 Re1+ 27. Kg2 Qg1#
0-1